[Event "Czerniak Memorial schev 26th"]
[Site "Tel Aviv"]
[Date "2011.05.25"]
[Round "4"]
[White "Weiss, Yonatan"]
[Black "Zilberman, Yaacov"]
[Result "0-1"]
[WhiteElo "1864"]
[BlackElo "2452"]
[PlyCount "140"]
[EventDate "2011.05.22"]
[EventType "team-schev"]
[EventRounds "10"]
[EventCountry "ISR"]
[SourceTitle "EXT 2012"]
[Source "ChessBase"]
[SourceDate "2011.11.24"]
[SourceVersion "1"]
[SourceVersionDate "2011.11.24"]
[SourceQuality "1"]

1. e4 c5 2. Nf3 Nc6 3. d4 cxd4 4. Nxd4 g6 5. Nc3 Bg7 6. Be3 Nf6 7. Bc4 0-0 8. Bb3 a5 9. a3 Ng4 10. Nxc6 Nxe3 11. Nxd8 Nxd1 12. Rxd1 Bxc3+ 13. bxc3 Rxd8 14. 0-0 d6 15. e5 Bf5 16. exd6 exd6 17. Rfe1 Kf8 18. f3 a4 19. Bd5 Rac8 20. Re3 Rc7 21. Rd2 Re8 22. Rxe8+ Kxe8 23. c4 Ke7 24. Kf2 Be6 25. Ke3 Bxd5 26. Rxd5 Rxc4 27. Kd3 Rh4 28. h3 Kd7 29. Ra5 Kc6 30. c4 b6 31. Rxa4 Kc5 32. Rb4 Rd4+ 33. Kc3 Rd1 34. Ra4 Rd4 35. Rb4 Rf4 36. Rb5+ Kc6 37. Rd5 Rf6 38. Rd4 Re6 39. Re4 Kc5 40. Kd3 Re5 41. Kc3 f5 42. Rd4 h5 43. h4 Re3+ 44. Rd3 Re1 45. Rd5+ Kc6 46. Rd3 Rg1 47. Rd2 Ra1 48. Kb4 Rh1 49. Re2 Rxh4 50. Re6 g5 51. Rf6 Rf4 52. Rh6 h4 53. Rh5 g4 54. fxg4 Rxg4 55. Rxf5 Rxg2 56. Rh5 Rh2 57. Rh6 h3 58. Rh7 Rh1 59. Rh5 h2 60. Ka4 Kd7 61. Rh6 Ke7 62. Rh3 Kf6 63. Rh5 Ke6 64. Rh3 Ke5 65. Rh4 Kf5 66. Kb5 Rb1+ 67. Kc6 h1Q+ 68. Rxh1 Rxh1 69. Kxb6 Ra1 70. Kc6 Ke5 0-1